| 000 | 01584 a2200313 4500 | ||
|---|---|---|---|
| 001 | 56691 | ||
| 005 | 20260407155830.0 | ||
| 008 | 260407a2022 arg spa d | ||
| 003 | AR-UNSa-BCEJYS | ||
| 040 |
_aAR-UNSa-BCEJYS _bspa _cAR-UNSa-BCEJYS |
||
| 080 |
_a378.4(826.7) _xUniversidad Nacional de Salta |
||
| 245 | 1 | 0 | _aEl origen y creación de la Universidad Nacional de Salta |
| 020 | _a978-987-698-392-1 | ||
| 264 | 1 |
_aSalta : _bMundo Gráfico Salta _c2022 |
|
| 300 |
_a78 p. _c22 cm. |
||
| 505 | _a1. Palabras preliminares / Roberto Ovejero – 2. Recuerdos del “Negro” Ovejero / Arturo López Dávalos – 3. Mis recuerdos del profesor Ovejero / Víctor José Passamai – 4. Semblanza de mi Maestro / Fabiana Laguna – 5. Mis recuerdos del Ing. Ovejero y la obra civil de la UNSa / Carlos A. Alonso Benavides – 6.vida y obra del Ing. Roberto G. Ovejero / Ricardo N. Alonso – 7. Palabras oficiales en las exequias del Ingeniero Ovejero / Juan Francisco Ramón – 8. Recuerdos acerca de la creación de la Universidad Nacional de Salta: mi testimonio y legado / Roberto German Ovejero | ||
| 041 | _aspa | ||
| 942 | _cBK | ||
| 590 | _aniveau_biblio:m niveau_hierar:0 | ||
| 100 | 1 | _aOvejero, Roberto Germán | |
| 700 | 1 | _aOvejero, Roberto | |
| 700 | 1 | _aLópez Dávalos, Arturo | |
| 700 | 1 | _aLaguna, Fabiana | |
| 700 | 1 | _aPassamai, Víctor | |
| 700 | 1 | _aAlonso Benavides, Carlos | |
| 700 | 1 | _aRamos, Juan Francisco | |
| 700 | 1 | _aAlonso, Ricardo N. | |
| 856 | 4 | 1 |
_uhttps://biblioeco.unsa.edu.ar/pmb/images/libros/L128587.jpg _yImagen de portada _qimage/jpeg |
| 999 |
_c6009 _d6009 |
||